[Event "DEM U10w 2025"]
[Site "Willingen GER"]
[Date "2025.06.08"]
[Round "1"]
[White "Kasperczyk, Sara"]
[Black "Goyush, Shams"]
[Result "1/2-1/2"]
[Termination "normal"]
[Board "21"]
[WhiteElo "784"]
[BlackElo "1132"]
[WhiteClock "01:15:26"]
[BlackClock "00:54:29"]
[PlyCount "63"]
[WhiteFideId "533043574"]
[BlackFideId "533030855"]
[EventCountry "GER"]
[EventRounds "9"]
[EventType "swiss"]
[EventDate "2025.06.07"]

1. Nf3 {[%clk 01:30:55]} {[%emt 00:00:05]} d5 {[%clk 01:30:53]} {[%emt
00:00:07]} 2. g3 {[%clk 01:31:13]} {[%emt 00:00:12]} c6 {[%clk 01:31:16]}
{[%emt 00:00:08]} 3. Bg2 {[%clk 01:31:28]} {[%emt 00:00:15]} Nf6 {[%clk
01:30:58]} {[%emt 00:00:48]} 4. O-O {[%clk 01:31:41]} {[%emt 00:00:17]} Bf5
{[%clk 01:31:11]} {[%emt 00:00:17]} 5. d3 {[%clk 01:31:47]} {[%emt 00:00:23]}
b5 {[%clk 01:29:29]} {[%emt 00:02:13]} 6. b3 {[%clk 01:31:12]} {[%emt
00:01:04]} b4 {[%clk 01:28:50]} {[%emt 00:01:10]} 7. Bb2 {[%clk 01:30:03]}
{[%emt 00:01:38]} e6 {[%clk 01:26:11]} {[%emt 00:03:10]} 8. Nbd2 {[%clk
01:28:23]} {[%emt 00:02:03]} Bd6 {[%clk 01:25:11]} {[%emt 00:01:34]} 9. Nh4
{[%clk 01:27:39]} {[%emt 00:01:07]} Bg6 {[%clk 01:25:14]} {[%emt 00:00:36]} 10.
Qe1 {[%clk 01:26:28]} {[%emt 00:01:38]} O-O {[%clk 01:18:01]} {[%emt 00:07:45]}
11. Nxg6 {[%clk 01:25:27]} {[%emt 00:01:31]} fxg6 {[%clk 01:18:18]} {[%emt
00:00:13]} 12. e4 {[%clk 01:25:34]} {[%emt 00:00:22]} dxe4 {[%clk 01:17:36]}
{[%emt 00:01:14]} 13. dxe4 {[%clk 01:25:35]} {[%emt 00:00:28]} e5 {[%clk
01:17:45]} {[%emt 00:00:21]} 14. Nc4 {[%clk 01:25:08]} {[%emt 00:00:56]} a5
{[%clk 01:17:03]} {[%emt 00:01:13]} 15. Rd1 {[%clk 01:25:08]} {[%emt 00:00:26]}
Ne8 {[%clk 01:11:36]} {[%emt 00:06:01]} 16. Nxe5 {[%clk 01:24:52]} {[%emt
00:00:45]} Qc7 {[%clk 01:11:31]} {[%emt 00:00:34]} 17. Nc4 {[%clk 01:24:34]}
{[%emt 00:00:45]} Bc5 {[%clk 01:10:19]} {[%emt 00:01:45]} 18. Be5 {[%clk
01:24:01]} {[%emt 00:01:00]} Qa7 {[%clk 01:09:55]} {[%emt 00:00:57]} 19. Rd2
{[%clk 01:22:43]} {[%emt 00:01:36]} Nd7 {[%clk 01:09:50]} {[%emt 00:00:43]} 20.
Bb2 {[%clk 01:21:50]} {[%emt 00:01:22]} Nef6 {[%clk 01:07:36]} {[%emt
00:02:48]} 21. e5 {[%clk 01:21:35]} {[%emt 00:00:44]} Rae8 {[%clk 01:07:01]}
{[%emt 00:01:05]} 22. Bxc6 {[%clk 01:21:25]} {[%emt 00:00:40]} Qc7 {[%clk
01:06:30]} {[%emt 00:01:01]} 23. Bxd7 {[%clk 01:19:56]} {[%emt 00:01:57]} Nxd7
{[%emt 00:00:27]} 24. e6 {[%emt 00:00:40]} Nb8 {[%clk 01:03:36]} {[%emt
00:02:15]} 25. Be5 {[%clk 01:19:53]} {[%emt 00:00:32]} Qa7 {[%clk 01:03:23]}
{[%emt 00:00:45]} 26. Nd6 {[%clk 01:18:56]} {[%emt 00:01:25]} Rxe6 {[%clk
01:02:49]} {[%emt 00:01:09]} 27. Qe2 {[%clk 01:17:50]} {[%emt 00:01:31]} Nc6
{[%clk 01:02:53]} {[%emt 00:00:28]} 28. Qc4 {[%clk 01:17:25]} {[%emt 00:00:53]}
Nd8 {[%clk 01:01:23]} {[%emt 00:02:02]} 29. Nb5 {[%clk 01:16:59]} {[%emt
00:00:58]} Qe7 {[%clk 01:00:45]} {[%emt 00:01:04]} 30. Rfd1 {[%clk 01:15:40]}
{[%emt 00:01:51]} Nc6 {[%clk 00:54:33]} {[%emt 00:06:43]} 31. Rd7 {[%clk
01:15:33]} {[%emt 00:00:37]} Bxf2+ {[%clk 00:54:29]} {[%emt 00:00:37]} 32. Kg2
{[%clk 01:15:26]} {[%emt 00:00:30]} 1/2-1/2